LEADER 00542naa a2200145 i 4500 001 000000301909 003 CaOOAMICUS 005 20180831172731.0 008 180831n xx u000 u und u 013 $a9642 040 $aSeMil$bita 100 1 $aHenrici, Peter,$c.$0(OLS)http://semarc/name/6225 245 10$aPer una rilettura del discorso metafisico. 773 0 $tMetafisica, oggi.$dBrescia : Morcelliana, copyr. 1983.$z88-372-1190-2$w()35783 996 $6245$aPer una rilettura del discorso metafisico$9(OLS)http://semarc/title/377894 LEADER 01333nam a2200241 4500 001 000000359911 003 CaOOAMICUS 005 20240924123641.0 008 240924s1891 it 000 u ita r 040 $aSeMil$bita 100 11$aRossi, Francesco,$c.$0(OLS)http://semarc/name/120488 245 10$aErudizioni liturgiche, geografiche, storiche ed etnografiche sopra le Cittą, paesi, provincie, regni ed altri nomi che si leggono nella s. Messa, nei Salmi e nelle Lezioni del breviario romano /$cesposte dal Sac. Prof. Francesco Rossi delle S. Pie. 264 1$aTorino :$bTipografia salesiana,$c1891. 300 $a307 ;$c19 cm 500 $aMutilo del front. 510 4 $aIndicativo SBN:$cIT\ICCU\CUB\0562328 650 4$aLiturgia - Enciclopedie e dizionari.$0(OLS)http://semarc/subject/731 850 $aSeMil 852 $aSeMil$W1$xVenegono$y1$m3K I 182 FA$j250956$B250954$CSeMilBibl$Z2$F250954 $8I 961 $aMultilo del front. 996 $6245$aErudizioni liturgiche, geografiche, storiche ed etnografiche sopra le Cittą, paesi, provincie, regni ed altri nomi che si leggono nella s. Messa, nei Salmi e nelle Lezioni del breviario romano$9(OLS)http://semarc/title/450332 996 $6264$aTorino :$bTipografia salesiana$9(OLS)http://semarc/publisher/37035